Liste des Pokémon n'ayant pas deux yeux - Statistiques

Statistiques générales
  • Ce quiz a été pris 179 fois
    49 depuis la dernière actualisation
  • Le résultat moyen est 36 sur 98
Statistiques - réponses
Nombre
d'yeux
Pokémon % Correct
1 Magnéti
95%
3 Magnéton
92%
3 Magnézone
84%
6 Triopikeur
65%
6 Triopikeur d'Alola
65%
1 Zarbi
62%
7 Regigigas
59%
150 Ama-Ama
57%
1 Noctunoir
57%
7 Regice
57%
7 Regirock
57%
7 Registeel
57%
1 Skelénox
54%
1 Téraclope
54%
0 Zéroïd
54%
6 Dodrio
51%
7 Regidrago
51%
7 Regieleki
51%
6 Trioxhydre
51%
12 Hexadron
49%
12 Méga-Hexadron
49%
0 Nosferapti
49%
6 Triopikeau
49%
0 Bamboiselle
46%
0 Câblifère
46%
4 Diamat
46%
4 Doduo
46%
4 Farigiraf
46%
4 Girafarig
46%
0 Katagami
46%
1 Pierroteknik
46%
4 Kangourex
43%
8 Kaorine
43%
4 Méga-Kangourex
43%
4 Qulbutoké
43%
5 Éthernatos Infinimax
41%
6 Noadkoko
41%
8 Noadkoko d'Alola
41%
12 Noeunoeuf
41%
3 Okéoké
41%
4 Engloutyran
38%
522 Froussardine (Forme Banc)
38%
6 Mygavolt
38%
6 Apitrini
35%
3 Cryptéro
35%
6 Lanssorien
35%
4 Smogogo
35%
4 Smogogo de Galar
35%
4 Statitik
35%
8 Famignol (Famille de Quatre)
32%
6 Famignol (Famille de Trois)
32%
1 Charbi
30%
4 Clic
30%
4 Dispareptil
30%
1 Exagide
30%
8 Golgopathe
30%
6 Méga-Golgopathe
30%
1 Melmetal
30%
1 Meltan
30%
1 Monorpale
30%
4 Opermine
30%
3 Pelage-Sablé
30%
1 Terhal
30%
4 Cliticlic
27%
4 Compagnol
27%
0 Méga-Staross
27%
0 Nodulithe
27%
4 Sorbouboul
27%
0 Stari
27%
0 Staross
27%
4 Sylveroy (Cavalier d'Effroi)
27%
4 Sylveroy (Cavalier du Froid)
27%
4 Tic
27%
4 Ceribou
24%
0 Géolithe
24%
3 Jirachi
24%
4 Méga-Scovilain
24%
14 Pomdorochi
24%
4 Scovilain
24%
1 Tutétékri
24%
1 Desséliande
22%
4 Flagadoss
22%
4 Flagadoss de Galar
22%
4 Méga-Flagadoss
22%
4 Roigada
22%
4 Roigada de Galar
22%
6 Têtes-de-Fer
22%
4 Kabuto
19%
1 Vrombotor
19%
3 Lunala
16%
6 Méga-Nigirigon
16%
1 Sinistrail
16%
3 Solgaleo
16%
3 Tritosor
14%
0 Bibichut
11%
4 Flâmigator
5%
3 Méga-Ectoplasma
5%
4 M. Glaquette
5%
Aucun quiz correspondant
Distribution des résultats
% des personnes avec chaque résultat
Percentile par nombre de réponses
Votre historique - résultats
Vous n’avez pas pris ce quiz depuis la dernière actualisation